000 01557nam0a2200349 4500
001 RU\NLR\BIBL_A\022599813
005 20260420051936.0
010 _a978-5-17-175134-0
_92000
021 _aRU
_bКН-П-25-035210
_9КН-П-25-3472
035 _a(NLR Aleph) 022599813
090 _a13681258
_c13681258
100 _a20250812d2025 u y0rusy50 ca
101 1 _arus
_cjpn
102 _aRU
105 _ay|||z|||000ay
181 0 _ai4
_baxxe
182 0 _an
200 1 _aПионовый фонарь
_eповесть
_fЭнтё Санъютэй
_gперевод с японского А. Стругацкого
203 _aТекст
_bвизуальный
_cнепосредственный
210 _aМосква
_cАСТ
_d2025
215 _a254 с.
_d19
225 1 _aСерия "Эксклюзивная классика"
225 1 _aКниги, изменившие мир. Писатели, объединившие поколения
300 _aНа 4-й с. обл. авт.: Санъютэй Энтё (настоящее имя Идзубути Дзирокити), писатель, рассказчик театр. жанра ракуго
333 _a16+
686 1 _aШ6(5Я)57-440.4{Лх2316}
700 1 _7ca
_8rus
_aСанъютэй
_bЭ.
_f1839-1900
_gЭнте
_9121429
_3RU\NLR\AUTH\7711688
702 1 _4730
_7ca
_8rus
_aСтругацкий
_bА. Н.
_f1925-1991
_gАркадий Натанович
_9110663
_3RU\NLR\AUTH\77619
942 _cBOOK
980 _aNB